Landlocked countries - sudden death - Statistics

General Stats
  • This quiz has been taken 100 times
  • The average score is 11 of 15
Answers on the Grid
Answers color-coded by a green-red scale on the quiz's grid according to % correct below.
Bosnia and Herzegovina
Switzerland
Bolivia
El Salvador
Burundi
Ethiopia
Namibia
Senegal
Mauritania
Paraguay
Brunei
Sri Lanka
Mozambique
Sierra Leone
Slovakia
Moldova
Zimbabwe
Eritrea
Oman
Pakistan
Afghanistan
Thailand
Bhutan
South Sudan
Eswatini
Norway
Estonia
Liechtenstein
Laos
Uganda
 
Answer Stats
Answer % Correct
South Sudan
100%
Liechtenstein
88%
Switzerland
88%
Bhutan
75%
Bolivia
75%
Burundi
75%
Ethiopia
75%
Laos
75%
Moldova
75%
Paraguay
75%
Slovakia
75%
Uganda
63%
Zimbabwe
63%
Afghanistan
50%
Eswatini
50%
No matching quizzes found
Score Distribution
Percent of People with Each Score
Percentile by Number Answered
Your Score History
You have not taken this quiz